Funcionarios públicos (Record no. 8191)

MARC details
000 -LEADER
campo de control de longitud fija 01074nam a2200277 i 4500
001 - NÚMERO DE CONTROL
campo de control 8191
003 - IDENTIFICADOR DE NÚMERO DE CONTROL
campo de control ES-MaACL
005 - FECHA Y HORA DE LA ÚLTIMA TRANSACCIÓN
campo de control 20250827062554.0
007 - CAMPO FIJO DE DESCRIPCIÓN FÍSICA--INFORMACIÓN GENERAL
campo de control de longitud fija t|
008 - DATOS DE LONGITUD FIJA--INFORMACIÓN GENERAL
campo de control de longitud fija 920303r19891987sp ||||1| spa d
020 ## - NÚMERO INTERNACIONAL ESTÁNDAR DEL LIBRO
Número Internacional Estándar del Libro 84-309-1504-4
080 ## - NÚMERO DE LA CLASIFICACIÓN DECIMAL UNIVERSAL
Número de la Clasificación Decimal Universal 35(46).08(094.5)
110 1# - ENTRADA PRINCIPAL--NOMBRE DE ENTIDAD CORPORATIVA
Nombre de entidad corporativa o nombre de jurisdicción como elemento de entrada España
9 (RLIN) 3622
240 10 - TÍTULO UNIFORME
Título uniforme Ley de órganos de representación de los funcionarios públicos, 1987
245 10 - MENCIÓN DEL TÍTULO
Título Funcionarios públicos
Resto del título : órganos de representación, determinación de las condiciones de trabajo y participación /
Mención de responsabilidad, etc. edición preparada por José Luis Piñar Mañas y Miguel Beltran de Felipe.
250 ## - MENCION DE EDICION
Mención de edición [1ª ed., reimp.].
260 ## - PUBLICACIÓN, DISTRIBUCIÓN, ETC.
Lugar de publicación, distribución, etc. Madrid :
Nombre del editor, distribuidor, etc. Tecnos,
Fecha de publicación, distribución, etc. 1987 (
Fecha de fabricación/manufactura 1989 reimp.)
300 ## - DESCRIPCIÓN FÍSICA
Extensión 101 p. ;
Dimensiones 17 cm.
490 1# - MENCIÓN DE SERIE
Mención de serie Biblioteca de textos legales ;
Designación de volumen o secuencia 87
650 14 - PUNTO DE ACCESO ADICIONAL DE MATERIA--TÉRMINO DE MATERIA
Término de materia o nombre geográfico como elemento de entrada Sindicatos de funcionarios-
Subdivisión geográfica España-
Subdivisión de forma Legislación.
9 (RLIN) 17127
700 1# - ENTRADA AGREGADA--NOMBRE PERSONAL
Nombre de persona Piñar Mañas, José Luis.
9 (RLIN) 92253
700 1# - ENTRADA AGREGADA--NOMBRE PERSONAL
Nombre de persona Beltrán de Felipe, Miguel.
9 (RLIN) 27356
830 0# - PUNTO DE ACCESO ADICIONAL DE SERIE-TÍTULO UNIFORME
Título uniforme Biblioteca de textos legales ;
Designación de volumen o secuencia 87
9 (RLIN) 177271
852 ## - LOCALIZACIÓN
Ubicación ES-MaACL
Número de control de estantería L-15398
Sublocalización o colección R.119969
Holdings
Estatus retirado Estado de pérdida Estado de daño No para préstamo Biblioteca de origen Biblioteca actual Ubicación en estantería Fecha de adquisición Fuente de adquisición Total de préstamos Signatura topográfica completa Código de barras Visto por última vez Precio de reemplazo Tipo de ítem Koha
        Biblioteca del Ateneo de Madrid Biblioteca del Ateneo de Madrid Depósito 2 17/01/2008     L-15398 1008354 23/02/2023 23/02/2023 Libro impreso